03399nam a2200541Ia 4500001000400000008004100004010000800045041001400053082001400067245015900081260001300240300000700253520000700260630002700267630003100294650002700325690001400352700002600366700003000392700002400422700002700446901006300473902000600536903006000542904001800602905003600620906000600656907001400662908001400676909005100690910001500741911001000756912001400766913000900780914002400789915001900813916000900832917000900841918001400850919001700864520191900881921000702800922000702807923000602814924001402820942001002834999001302844682241029s9999 xx 000 0 und d a617 aEspañol aNO APLICA 0aAcciones de capacitación para mejorar el modelo de estructura oranizativa de la gestión del Liceo Matutino Juan de Jesús Reyes Mao, año 2012-2013. aValverde a96 a29 aCapacitación Docente aPrograma de Intervención aCapacitación Docente aElaborado easesoraFrias, Edicta eautoraTineo, Ana María eautoraMesa, Leonor easesoraBuduen, Inés a{"1":"Tineo","2":"Mesa"}b{"1":"Ana María","2":"Leonor"} a2 a{"1":"Buduen","2":"Frias"}b{"1":"Inés","2":"Edicta"} aMaestría en aGestión de Centros Educativos a2 aNO APLICA aNO APLICA aUniversidad Autónoma de Santo Domingo (UASD) aNULLbNULL a["1"] aNO APLICA aNULL a01 de Abril de 2013 a31/10/19 11:10 aNULL aNULL aNO APLICA a["30","169"] aEl desarrollo de la gestión constituye una exigencia para el eficaz desempeño de los directivos, y por tanto una necesidad de un equipo que trabaje con mayor integración de acuerdo en la toma de decisiones, manejan la capacidad de escuchar y de respetar desacuerdos, posean capacidad gerencial, planifiquen acciones de trabajo organizacional, ya que los mismos son piezas éticas fundamentales en el proceso dialéctico de la dirección educacional. El propósito fundamental de la investigación estuvo orientada en diseñar acciones de capacitación para mejorar el modelo de estructura organizativa de la gestión del Liceo Matutino Juan de Jesús Reyes Mao, año 2012-2013. El aseguramiento metodológico de la investigación está guiado por el método general dialéctico materialista e incluye los siguientes métodos: técnicos (analítico, inductivo y sistémico), empíricos (observación, encuesta y consulta a especialistas) y matemático (cálculo porcentual). Se tomó como muestra el director, diecinueve (19) docentes, doscientos cincuenta y cuatro (254) estudiantes, siete (7) personas del personal administrativo, cinco (5) técnicos distritales y cinco (5) padres. Se pudo visualizar las deficiencias existentes en cuanto a estructura organizacional de la gestión educativa, evidenciadas en la afectación a los distintos indicadores señalados, hecho que repercute en la calidad de educación impartida en el Liceo Matutino Juan de Jesús Reyes en Mao. Es preciso entonces, estudiar las dimensiones mayormente afectadas, como lo son la estructural y la funcional, para revaluarlas y mejorarlas. Se demuestra que las acciones de capacitación que parten de un enfoque sistémico y personalizado, implican la superación de las dificultades en cuanto a estructura, organización y funcionamiento del sistema de la gestión del liceo objeto de estudio. a16 a16 a0 aNO APLICA cTesis c617d617